[Event "15. Offene HH Senioren EM 2008"]
[Site "Hamburg"]
[Date "2008.10.28"]
[Round "2.2"]
[White "Voss, Werner"]
[Black "Hawranke, Dietrich"]
[Result "0-1"]
[WhiteElo "1857"]
[BlackElo "2127"]
[PlyCount "82"]
[EventDate "2008.??.??"]
[WhiteTeam "SK Caissa Rahlstedt"]
[BlackTeam "Pinneberger SC 1932 eV"]

1. e4 c5 2. Nc3 Nc6 3. g3 g6 4. Bg2 Bg7 5. d3 d6 6. Nge2 e6 7. Be3 Nd4 8. O-O
Ne7 9. Qd2 O-O 10. Rab1 Nec6 11. a3 a5 12. Nf4 b5 13. Nce2 b4 14. c3 Nxe2+ 15.
Nxe2 Ba6 16. f4 Qe7 17. e5 Bb7 18. cxb4 axb4 19. Bxc6 Bxc6 20. axb4 Qd7 21.
bxc5 dxe5 22. Kf2 exf4 23. Bxf4 e5 24. Be3 Rfd8 25. Rbd1 Qh3 26. Ke1 Qxh2 27.
Rf2 Qh3 28. Bg5 Rd7 29. Qe3 Qh1+ 30. Rf1 Qd5 31. Nc3 Qb3 32. Rf2 f5 33. Rfd2
Rf8 34. Ne2 Qd5 35. Ng1 h6 36. Bxh6 f4 37. Bxf4 exf4 38. gxf4 Rdf7 39. Ne2 Re8
40. Qf2 Bd4 41. Qf1 Rh7 0-1

[Event "15. Offene HH Senioren EM 2008"]
[Site "Hamburg"]
[Date "2008.10.28"]
[Round "2.3"]
[White "Weiss, Siegfried"]
[Black "Stubbe, Werner"]
[Result "1/2-1/2"]
[WhiteElo "2056"]
[BlackElo "1723"]
[PlyCount "85"]
[EventDate "2008.??.??"]
[WhiteTeam "Koenigsspr.SC.1984 e.V."]
[BlackTeam "Niendorfer TSV 1919 SAbt"]

1. e3 Nf6 2. f4 Nc6 3. Nf3 b6 4. d4 e6 5. Bd3 Nb4 6. Be2 Ba6 7. c3 Bxe2 8. Qxe2
Nc6 9. e4 d5 10. exd5 Qxd5 11. O-O Be7 12. Nbd2 O-O 13. b3 Bd6 14. g3 b5 15.
Bb2 Ne7 16. c4 bxc4 17. bxc4 Qb7 18. Nb3 Qa6 19. Qc2 Nf5 20. Rfe1 Qb7 21. Qg2
Bb4 22. Re5 c6 23. g4 Ne7 24. Rg5 h6 25. Re5 Ng6 26. g5 Nxf4 27. Qc2 Nh3+ 28.
Kh1 Ng4 29. gxh6 g6 30. Ng5 Nxe5 31. h7+ Kg7 32. Nxh3 Ng4 33. Qe2 f5 34. Ng5
Rfe8 35. h3 Nf6 36. Qe5 Qb8 37. h8=Q+ Rxh8 38. Qxe6 Rxh3+ 39. Nxh3 Qg3 40. d5
Qxh3+ 41. Kg1 Qg3+ 42. Kf1 Qf4+ 43. Kg1 1/2-1/2

[Event "15. Offene HH Senioren EM 2008"]
[Site "Hamburg"]
[Date "2008.10.28"]
[Round "2.4"]
[White "Dangelowski, Peter"]
[Black "Gollasch, Theo Heinz"]
[Result "0-1"]
[WhiteElo "1791"]
[BlackElo "2109"]
[PlyCount "72"]
[EventDate "2008.??.??"]
[WhiteTeam "Pinneberger SC 1932 eV"]
[BlackTeam "Hamburger SK von 1830 eV"]

1. d4 Nf6 2. Bf4 e6 3. e3 c5 4. c3 d5 5. Nd2 Nc6 6. Bd3 Be7 7. h3 O-O 8. Ngf3
h6 9. g4 g5 10. Bg3 Ne8 11. h4 cxd4 12. exd4 f5 13. gxf5 exf5 14. hxg5 hxg5 15.
Be5 Ng7 16. c4 Nb4 17. Bb1 dxc4 18. Nxc4 Be6 19. Qe2 Qd5 20. Ne3 Qa5 21. Nd2
Bf6 22. Nec4 Qd5 23. Rh6 Bxe5 24. dxe5 Rac8 25. Ne3 Qxe5 26. Nd1 Qxe2+ 27. Kxe2
Rfe8 28. Ne3 f4 29. Bh7+ Kf8 30. Ng2 Rc6 31. Rhh1 Bxa2+ 32. Kf3 a6 33. Be4 Rd6
34. Rh8+ Kf7 35. Rxe8 Nxe8 36. Nf1 Rb6 {Zeit} 0-1

[Event "15. Offene HH Senioren EM 2008"]
[Site "Hamburg"]
[Date "2008.10.28"]
[Round "2.5"]
[White "Gehrke, Rolf"]
[Black "Seemann, Hans Siegfried"]
[Result "1-0"]
[WhiteElo "2052"]
[BlackElo "1779"]
[PlyCount "59"]
[EventDate "2008.??.??"]
[WhiteTeam "SC Concordia SAbt Palamedes"]
[BlackTeam "Koenigsspr.SC.1984 e.V."]

1. Nf3 d5 2. c4 e6 3. g3 Nf6 4. Bg2 c6 5. O-O Be7 6. b3 Nbd7 7. Bb2 Qc7 8. d4
O-O 9. Nbd2 Re8 10. Re1 Bf8 11. Rc1 c5 12. cxd5 exd5 13. dxc5 Qd8 14. b4 Ne4
15. Nd4 Ndf6 16. e3 Ng5 17. f3 Bd7 18. N2b3 Qc8 19. Qd2 Bh3 20. e4 Bxg2 21.
Qxg5 Bh3 22. g4 dxe4 23. Nf5 exf3 24. Bxf6 f2+ 25. Kxf2 Qc6 26. Rg1 Qc7 27. Rg3
Re4 28. Rxh3 Rf4+ 29. Kg1 g6 30. Rxh7 1-0

[Event "15. Offene HH Senioren EM 2008"]
[Site "Hamburg"]
[Date "2008.10.28"]
[Round "2.6"]
[White "Cassens, Erhard Otto"]
[Black "Schulz, Hans Juergen"]
[Result "0-1"]
[WhiteElo "1785"]
[BlackElo "2015"]
[PlyCount "58"]
[EventDate "2008.??.??"]
[WhiteTeam "SAbt SV Lurup Hamb. 1923"]
[BlackTeam "Hamburger SK von 1830 eV"]

1. f4 e5 2. fxe5 d6 3. Nf3 Bg4 4. d4 Nc6 5. Bg5 Be7 6. Bxe7 Ngxe7 7. exd6 Qxd6
8. c3 Bxf3 9. gxf3 Qf4 10. e4 Qh4+ 11. Ke2 O-O-O 12. Qe1 Qh5 13. Na3 f5 14. e5
Rhe8 15. Qg3 Kb8 16. Kf2 Qh6 17. Rd1 Nd5 18. Nc2 Re6 19. Qh3 Qf4 20. Qg3 Qh6
21. Rg1 Nf4 22. h4 Rg6 23. Qh2 Rxg1 24. Kxg1 Nxe5 25. Be2 Neg6 26. Ne3 Nxe2+
27. Qxe2 Re8 28. Re1 Nxh4 29. Qb5 c6 0-1

[Event "15. Offene HH Senioren EM 2008"]
[Site "Hamburg"]
[Date "2008.10.28"]
[Round "2.7"]
[White "Strenzke, Guenter"]
[Black "Hadenfeldt, Klaus"]
[Result "1-0"]
[WhiteElo "1976"]
[BlackElo "1773"]
[PlyCount "57"]
[EventDate "2008.??.??"]
[WhiteTeam "SV Großhansdorf"]
[BlackTeam "Hamburger SK von 1830 eV"]

1. d4 d5 2. c4 e6 3. Nc3 Nf6 4. Bg5 Be7 5. e3 Nbd7 6. Nf3 O-O 7. Rc1 c6 8. Bd3
a6 9. O-O dxc4 10. Bxc4 Nd5 11. Bxe7 Qxe7 12. a3 b5 13. Ba2 Bb7 14. Ne4 Rac8
15. Nc5 Nxc5 16. Rxc5 Nb6 17. Bb1 f5 18. Ba2 Nd7 19. Rc3 c5 20. dxc5 Nxc5 21.
Nd4 Rf6 22. b4 Ne4 23. Rxc8+ Bxc8 24. Nc6 Qe8 25. Qd8 Rf8 26. Qb6 Rf6 {( = )}
27. Rd1 Bd7 28. Ne5 Bc8 29. Rd8 1-0

[Event "15. Offene HH Senioren EM 2008"]
[Site "Hamburg"]
[Date "2008.10.28"]
[Round "2.8"]
[White "Raedisch, Peter"]
[Black "Ristic, Sreten"]
[Result "0-1"]
[WhiteElo "1817"]
[BlackElo "1937"]
[PlyCount "158"]
[EventDate "2008.??.??"]

1. e4 c5 2. Nf3 a6 3. c3 e6 4. d4 Nf6 5. e5 Nd5 6. c4 Nc7 7. d5 d6 8. Nc3 dxe5
9. Nxe5 exd5 10. Nxd5 Bd6 11. Nxc7+ Qxc7 12. Nf3 O-O 13. Be2 Nc6 14. O-O Bf5
15. a3 Rfe8 16. Be3 Rad8 17. Qa4 Bf4 18. Bxf4 Qxf4 19. Rfe1 Be6 20. Bf1 Rd7 21.
h3 Ra8 22. Qb3 b5 23. Rxe6 fxe6 24. cxb5 Nd4 25. Nxd4 Rxd4 26. Qxe6+ Kh8 27.
Re1 Rf8 28. f3 axb5 29. Bxb5 Rd2 30. b3 Qg3 31. Bf1 Qf2+ 32. Kh1 Rc2 33. Qe3
Qg3 34. Re2 Rxe2 35. Qxe2 g6 36. Qe7 Rf5 37. a4 Qe5 38. Qxe5+ Rxe5 39. Bc4 Re1+
40. Kh2 Ra1 41. g4 Kg7 42. Kg3 Kf6 43. f4 h6 44. Kf3 g5 45. Kg3 Re1 46. Kf3 Rh1
47. fxg5+ hxg5 48. Kg2 Ra1 49. Kf3 Ke5 50. Kg3 Rc1 51. a5 Rc3+ 52. Kg2 Kf4 53.
a6 Rc2+ 54. Kg1 Kg3 55. Kf1 Ra2 56. Ke1 Kxh3 57. Be2 Kg3 58. Kd1 Kf2 59. Bc4
Kf3 60. Be6 Rxa6 61. Bf5 Ra2 62. Kc1 Ke3 63. Kb1 Rf2 64. Kc1 Kd4 65. Be6 Ke5
66. Bd7 Kd4 67. Be6 Re2 68. Bc4 Re4 69. Kd2 Rxg4 70. Ke2 Rg3 71. Kf2 Rc3 72.
Be6 Ke4 73. Kg2 Kf4 74. Bd5 g4 75. Kf2 Rc2+ 76. Kf1 Ke5 77. Bc4 Rxc4 78. bxc4
Kd4 79. Kg2 Kxc4 0-1

[Event "15. Offene HH Senioren EM 2008"]
[Site "Hamburg"]
[Date "2008.10.28"]
[Round "2.9"]
[White "Keuneke, Hanno"]
[Black "Bahr, Peter"]
[Result "0-1"]
[WhiteElo "1694"]
[BlackElo "2028"]
[PlyCount "66"]
[EventDate "2008.??.??"]
[WhiteTeam "Langenhorner SF 1928"]
[BlackTeam "SF Sasel 1947"]

1. e4 c5 2. Nf3 Nc6 3. d4 cxd4 4. Nxd4 Nf6 5. Nc3 e5 6. Ndb5 d6 7. Bg5 a6 8.
Na3 b5 9. Nd5 Be7 10. Bxf6 Bxf6 11. c3 Bg5 12. Be2 Ra7 13. Nc2 Be6 14. Nce3
Bxe3 15. Nxe3 O-O 16. Nd5 f5 17. Bf3 Raf7 18. O-O Kh8 19. Qd3 Bxd5 20. Qxd5 Ne7
21. Qd3 d5 22. Rad1 Qa8 23. Bh5 g6 24. Be2 fxe4 25. Qg3 Qb8 26. h4 Nf5 27. Qg5
Qd8 28. Qd2 Rd7 29. h5 d4 30. hxg6 hxg6 31. Bg4 Qh4 32. Bxf5 Rxf5 33. g3 Qh3
0-1

[Event "15. Offene HH Senioren EM 2008"]
[Site "Hamburg"]
[Date "2008.10.28"]
[Round "2.10"]
[White "Soltau, Achim"]
[Black "Klinkow, Alexander"]
[Result "1-0"]
[WhiteElo "1950"]
[BlackElo "1617"]
[PlyCount "127"]
[EventDate "2008.??.??"]
[WhiteTeam "SK Johanneum Eppendorf"]
[BlackTeam "SF Wedel"]

1. c4 c5 2. Nf3 Nf6 3. e3 e6 4. Nc3 b6 5. d4 cxd4 6. exd4 Bb7 7. d5 d6 8. Bd3
e5 9. O-O Be7 10. Bg5 Nbd7 11. Nd2 h6 12. Bxf6 Nxf6 13. Qe2 Bc8 14. h3 O-O 15.
f4 Nd7 16. Rae1 Bh4 17. Rd1 Bg3 18. fxe5 Bxe5 19. Nf3 Re8 20. Nxe5 Nxe5 21. Qf2
Bd7 22. b3 Rc8 23. Ne4 Qe7 24. Ng3 Rf8 25. Bf5 g6 26. Bxd7 Qxd7 27. Qf6 Qd8 28.
Ne4 Qxf6 29. Rxf6 Kg7 30. Rdf1 Nd7 31. Rxd6 Nc5 32. Nxc5 bxc5 33. Rd7 a6 34.
Rd6 Ra8 35. Rc6 Rfc8 36. Rff6 a5 37. Rxc8 Rxc8 38. Ra6 h5 39. Rxa5 Kf6 40. Ra6+
Ke5 41. Rc6 Ra8 42. Rxc5 Rxa2 43. b4 Kd6 44. Rc6+ Ke5 45. b5 Rb2 46. d6 Ke6 47.
Rb6 Rc2 48. Rc6 g5 49. c5 g4 50. hxg4 hxg4 51. Kh2 f5 52. Kg3 Rc3+ 53. Kh4 Rc2
54. Rc7 Rxg2 55. Re7+ Kf6 56. Re1 Rh2+ 57. Kg3 Rh3+ 58. Kg2 Rd3 59. b6 f4 60.
b7 Rd2+ 61. Kf1 Kg5 62. b8=Q Kh4 63. Qh8+ Kg3 64. Qc3+ 1-0

[Event "15. Offene HH Senioren EM 2008"]
[Site "Hamburg"]
[Date "2008.10.28"]
[Round "2.11"]
[White "Scheinpflug, Michael"]
[Black "Assmus, Edgar"]
[Result "1/2-1/2"]
[WhiteElo "1814"]
[BlackElo "1945"]
[PlyCount "150"]
[EventDate "2008.??.??"]
[WhiteTeam "SF Wedel"]
[BlackTeam "Niendorfer TSV 1919 SAbt"]

1. d4 Nf6 2. c4 d6 3. Nc3 g6 4. Nf3 Bg7 5. e4 O-O 6. Be2 Nc6 7. O-O e5 8. Bg5
h6 9. Bxf6 Bxf6 10. dxe5 Nxe5 11. Nxe5 Bxe5 12. Qc2 c6 13. Rad1 Qg5 14. g3 Qe7
15. f4 Bg7 16. Bf3 Be6 17. b3 Rac8 18. Rfe1 b5 19. Ne2 bxc4 20. bxc4 Qc7 21.
Rb1 Rfe8 22. Red1 f5 23. Nd4 Bd7 24. Qd3 Rcd8 25. Re1 a6 26. Kg2 c5 27. Nc2 Kh7
28. Ne3 Rf8 29. Nd5 Qa5 30. Qc2 Ba4 31. Qd3 Rd7 32. exf5 gxf5 33. Ne7 Qc3 34.
Qxc3 Bxc3 35. Re2 Bd4 36. Bh5 Kg7 37. Re6 Bc2 38. Rbe1 Be4+ 39. Bf3 Bxf3+ 40.
Kxf3 Rf7 41. Nd5 a5 42. Ne7 Rb7 43. Nd5 Rb2 44. R1e2 Rb1 45. Rxd6 a4 46. Ree6
Rf1+ 47. Kg2 Rf2+ 48. Kh3 Rb7 49. Rg6+ Kf7 50. Rxh6 Rfb2 51. Rh7+ Kg8 52. Rxb7
Rxb7 53. Rb6 Rh7+ 54. Kg2 Ra7 55. h3 a3 56. g4 fxg4 57. hxg4 Ra4 58. Rb3 Rxc4
59. Rxa3 Rc1 60. Kf3 Re1 61. g5 c4 62. Kg4 Bb2 63. Re3 Rf1 64. Kf5 Rd1 65. Ne7+
Kg7 66. Re6 Rf1 67. Ng6 Ba3 68. Ne5 c3 69. Rc6 Bc1 70. Rc7+ Kf8 71. Ng6+ Ke8
72. Kf6 Bxf4 73. Nxf4 Rxf4+ 74. Ke5 Ra4 75. Rxc3 Rxa2 {(=)} 1/2-1/2

[Event "15. Offene HH Senioren EM 2008"]
[Site "Hamburg"]
[Date "2008.10.28"]
[Round "2.12"]
[White "Nendza, Jan"]
[Black "Putzbach, Gerd"]
[Result "0-1"]
[WhiteElo "1467"]
[BlackElo "2297"]
[PlyCount "56"]
[EventDate "2008.??.??"]
[WhiteTeam "SAbt Gehörlosen SPV 04"]
[BlackTeam "Niendorfer TSV 1919 SAbt"]

1. e4 c5 2. Nf3 d6 3. Nc3 a6 4. Bc4 e6 5. d4 b5 6. Be2 cxd4 7. Nxd4 Bb7 8. Bf3
Qc7 9. O-O Nd7 10. Re1 Ngf6 11. Bg5 Be7 12. a3 O-O 13. Qd2 Ne5 14. Bxf6 Bxf6
15. Bh5 Nc4 16. Qd3 Nxb2 17. Qd2 Rac8 18. Nde2 Bxc3 19. Nxc3 Qxc3 20. Qxd6 Qxc2
21. Bf3 Rfd8 22. Qf4 Nd3 23. Qe3 Nxe1 24. Qxe1 Rd2 25. Rd1 Rxd1 26. Bxd1 Qxe4
27. Qf1 Rc1 28. h3 Rxd1 0-1

[Event "15. Offene HH Senioren EM 2008"]
[Site "Hamburg"]
[Date "2008.10.28"]
[Round "2.13"]
[White "Schierholz, Guenter"]
[Black "Peters, Reiner"]
[Result "1-0"]
[WhiteElo "1871"]
[BlackElo "1457"]
[PlyCount "27"]
[EventDate "2008.??.??"]
[WhiteTeam "Koenigsspr.SC.1984 e.V."]
[BlackTeam "SK Caissa Rahlstedt"]

1. e4 e5 2. Nf3 Nc6 3. d4 exd4 4. Nxd4 Qh4 5. Nc3 Bb4 6. Be2 Nf6 7. O-O Bxc3 8.
Nf5 Qxe4 9. Bd3 Qb4 10. bxc3 Qc5 11. Nxg7+ Kf8 12. Bh6 Kg8 13. Qf3 Qxc3 14.
Rfe1 1-0

[Event "15. Offene HH Senioren EM 2008"]
[Site "Hamburg"]
[Date "2008.10.28"]
[Round "2.14"]
[White "Brueckner, Gerhard"]
[Black "Bobzin, Volker"]
[Result "1-0"]
[WhiteElo "1867"]
[BlackElo "1476"]
[PlyCount "66"]
[EventDate "2008.??.??"]
[WhiteTeam "Pinneberger SC 1932 eV"]
[BlackTeam "Schachfreunde Hamburg v. 1934 eV"]

1. e4 c5 2. d4 cxd4 3. c3 e5 4. cxd4 exd4 5. Qxd4 Nc6 6. Qd1 Bc5 7. Bc4 Nf6 8.
Nf3 O-O 9. O-O Re8 10. Nc3 h6 11. a3 a6 12. h3 b5 13. Ba2 Bb7 14. Bf4 Nxe4 15.
Bxf7+ Kxf7 16. Qd5+ Re6 17. Nxe4 Be7 18. Rad1 Na5 19. Qf5+ Bf6 20. Neg5+ hxg5
21. Nxg5+ Ke7 22. Nxe6 dxe6 23. Qc5+ Kf7 24. Rxd8 Rxd8 25. Qc7+ Kg6 26. Qxa5
Bd5 27. Qc7 Bc4 28. Re1 Rd5 29. Qc8 Rf5 30. Be3 Bxb2 31. Qxa6 Re5 32. a4 Bc3
33. Rc1 Rf5 1-0

[Event "15. Offene HH Senioren EM 2008"]
[Site "Hamburg"]
[Date "2008.10.28"]
[Round "2.15"]
[White "Horstmann, Axel"]
[Black "Marquardt, Rolf"]
[Result "1/2-1/2"]
[WhiteElo "1581"]
[BlackElo "1778"]
[PlyCount "113"]
[EventDate "2008.??.??"]
[WhiteTeam "Hamburger SK von 1830 eV"]
[BlackTeam "Langenhorner SF 1928"]

1. e4 e6 2. d4 d5 3. Nd2 c5 4. exd5 exd5 5. dxc5 Bxc5 6. Nb3 Bd6 7. Bb5+ Nc6 8.
Nd4 Nge7 9. Nge2 O-O 10. O-O Qc7 11. h3 a6 12. Ba4 Ne5 13. Nc3 b5 14. Bb3 Bb7
15. Bg5 Nc4 16. Bxe7 Bxe7 17. Rb1 Rad8 18. Nce2 Bf6 19. c3 Rfe8 20. Bc2 Bg5 21.
Nf3 Bf6 22. Re1 g6 23. Qc1 Ne5 24. Nfd4 Nc6 25. Qd2 Re7 26. Nxc6 Qxc6 27. Nd4
Qe8 28. Rxe7 Qxe7 29. Re1 Qf8 30. a4 Re8 31. axb5 Bxd4 32. cxd4 axb5 33. Bd3
Bc6 34. Rc1 Re6 35. Rc5 Qe8 36. Kf1 Kg7 37. Qb4 Qb8 38. Kg1 Qa8 39. Rc1 Qa6 40.
Kh2 Qa7 41. Rc5 Qb8+ 42. g3 Qb7 43. Bxb5 Be8 44. Qa4 Bxb5 45. Qxb5 Rb6 46. Qe2
Re6 47. Qb5 Rb6 48. Qe8 Re6 49. Rb5 Qc7 50. Rc5 Qxc5 51. Qxe6 Qxd4 52. Qe2 f5
53. Qe7+ Kg8 54. Qe8+ Kg7 55. Qe7+ Kg8 56. Qe8+ Kg7 57. Qe7+ 1/2-1/2

[Event "15. Offene HH Senioren EM 2008"]
[Site "Hamburg"]
[Date "2008.10.28"]
[Round "2.16"]
[White "Diehl, Walter"]
[Black "Hofmeier, Arthur"]
[Result "1-0"]
[WhiteElo "1931"]
[BlackElo "1420"]
[PlyCount "53"]
[EventDate "2008.??.??"]
[WhiteTeam "Altonaer SK 1873 eV"]
[BlackTeam "Hamburger SK von 1830 eV"]

1. e4 c5 2. Nf3 Nc6 3. d4 cxd4 4. Nxd4 e5 5. Nb5 d6 6. Be3 a6 7. N5c3 Nge7 8.
Bc4 Na5 9. Bd5 Nxd5 10. Nxd5 Nc4 11. Bc1 b5 12. b3 Nb6 13. Nbc3 Bb7 14. O-O Nd7
15. Be3 Rb8 16. a4 Bc6 17. axb5 axb5 18. Ra7 Be7 19. Nc7+ Kf8 20. f4 g6 21.
fxe5 Kg7 22. exd6 Bf6 23. N3d5 Rb7 24. Ra8 Rb8 25. Rxb8 Qxb8 26. Nxf6 Rf8 27.
Qd4 1-0

[Event "15. Offene HH Senioren EM 2008"]
[Site "Hamburg"]
[Date "2008.10.28"]
[Round "2.17"]
[White "Tost, Günther"]
[Black "Werner, Joern"]
[Result "0-1"]
[WhiteElo "1450"]
[BlackElo "1579"]
[PlyCount "116"]
[EventDate "2008.??.??"]
[WhiteTeam "Barmbeker SK 1926 eV"]
[BlackTeam "SK Wilhelmsburg 1936 eV"]

1. d4 d5 2. Nf3 Nf6 3. g3 e6 4. Bg2 Be7 5. O-O h6 6. Re1 c5 7. c3 Nc6 8. dxc5
Bxc5 9. b4 Bb6 10. b5 Ne7 11. a4 O-O 12. Ba3 Re8 13. Bb2 Ng6 14. Nbd2 e5 15. a5
Bxa5 16. Nb3 Bb6 17. h3 Qc7 18. Qc2 Bd7 19. e3 Bxb5 20. Nfd2 Rac8 21. e4 d4 22.
c4 Bxc4 23. Rec1 Bxb3 24. Qxb3 Qd7 25. Nc4 Rc6 26. Kh2 Qe6 27. f3 Rec8 28. Bf1
Ne8 29. h4 Nd6 30. Ra4 Bc5 31. Qd3 Nxc4 32. Raxc4 Bb6 33. Bh3 Qe8 34. Bxc8 Qxc8
35. Rxc6 bxc6 36. Ba3 Nf8 37. Bxf8 Kxf8 38. Qa3+ c5 39. Qa2 Qd7 40. Qc4 Qe7 41.
Qd5 Kg8 42. Kh3 Kh7 43. g4 Qf6 44. Qb3 Qf4 45. Rd1 c4 46. Qa3 d3 47. Kg2 Qe3
48. Qa2 c3 49. Rf1 d2 50. Qxf7 Qf4 51. Qb3 Bd4 52. h5 Qf6 53. Qd1 Qb6 54. Qa4
g6 55. Rd1 Qb5 56. Qc2 Qe2+ 57. Kh1 Qxf3+ 58. Kh2 Qf2+ 0-1

[Event "15. Offene HH Senioren EM 2008"]
[Site "Hamburg"]
[Date "2008.10.28"]
[Round "2.18"]
[White "Zimmermann, Manfred"]
[Black "Manowski, Werner"]
[Result "1/2-1/2"]
[WhiteElo "1879"]
[BlackElo "1403"]
[PlyCount "60"]
[EventDate "2008.??.??"]
[WhiteTeam "Pinneberger SC 1932 eV"]
[BlackTeam "Langenhorner SF 1928"]

1. e4 e6 2. d4 d5 3. exd5 exd5 4. Nf3 Nf6 5. Bd3 Bd6 6. O-O O-O 7. Nc3 c6 8.
Ne2 Be6 9. Ng3 Qc8 10. c3 h6 11. Qc2 Bxg3 12. fxg3 Nbd7 13. Nh4 Re8 14. Nf5
Bxf5 15. Bxf5 Qd8 16. Bd3 Ne4 17. Bf4 Ndf6 18. Rae1 g5 19. Be5 Ng4 20. Bxe4
dxe4 21. Qxe4 Nxe5 22. dxe5 Re6 23. Qf5 Qe7 24. Qf2 b6 25. Qf3 Rc8 26. Qg4 Re8
27. h4 Rxe5 28. hxg5 Qxg5 29. Qxg5+ hxg5 30. Rxe5 Rxe5 1/2-1/2

[Event "15. Offene HH Senioren EM 2008"]
[Site "Hamburg"]
[Date "2008.10.28"]
[Round "2.19"]
[White "Funke, Hermann"]
[Black "Hermann, Armin"]
[Result "1-0"]
[WhiteElo "1418"]
[BlackElo "1756"]
[PlyCount "97"]
[EventDate "2008.??.??"]
[WhiteTeam "SK Johanneum Eppendorf"]
[BlackTeam "Ahrensburger TSV"]

1. e4 e5 2. Nf3 Nc6 3. Bc4 Bc5 4. b4 Bxb4 5. c3 Be7 6. Qb3 Nh6 7. d4 Na5 8. Qb5
Nxc4 9. Qxc4 d5 10. exd5 e4 11. Ne5 f6 12. Bxh6 fxe5 13. Bxg7 Rg8 14. Bxe5 Bd6
15. Qe2 Bf5 16. Qh5+ Bg6 17. Qh3 Qe7 18. Bxd6 Qxd6 19. Qe6+ Qxe6 20. dxe6 Bf5
21. d5 Rxg2 22. Kf1 Bh3 23. Ke2 Ke7 24. Nd2 Bf5 25. Nc4 Rd8 26. Ne3 Rg5 27. c4
Bg6 28. h4 Bh5+ 29. Kd2 Rg6 30. Kc3 Rf8 31. Rab1 b6 32. Rb2 Rgf6 33. Rg1 Rg6
34. Rxg6 Bxg6 35. a4 Rf4 36. a5 Rxh4 37. axb6 axb6 38. Kd4 Rf4 39. c5 bxc5+ 40.
Kxc5 Rf8 41. Kc6 Rc8 42. Kb7 Kd8 {(=)} 43. Rc2 Be8 44. d6 c6 45. Nd5 c5 46. Ne7
h5 47. Nxc8 h4 48. Rxc5 h3 49. Rc7 1-0

[Event "15. Offene HH Senioren EM 2008"]
[Site "Hamburg"]
[Date "2008.10.28"]
[Round "2.20"]
[White "Baumann, Siegfried"]
[Black "Warneke, Perygrin"]
[Result "1-0"]
[WhiteElo "1544"]
[BlackElo "1352"]
[PlyCount "71"]
[EventDate "2008.??.??"]
[WhiteTeam "SK Caissa Rahlstedt"]
[BlackTeam "SF Sasel 1947"]

1. e4 e6 2. f4 d5 3. e5 c5 4. Nf3 Nc6 5. c3 Nh6 6. Bb5 Bd7 7. O-O a6 8. Ba4 b5
9. Bc2 Be7 10. d4 cxd4 11. cxd4 O-O 12. Qd3 Nf5 13. a3 Qb6 14. Rd1 g6 15. b4 f6
16. Kh1 fxe5 17. fxe5 Nh4 18. Nbd2 Nxf3 19. Nxf3 a5 20. Bh6 Rf7 21. Qe3 Qd8 22.
Ng5 Bxg5 23. Bxg5 Qe8 24. bxa5 Nxa5 25. Qh3 Nc4 26. Bf6 Qf8 27. Bxg6 Rxa3 28.
Bxf7+ Qxf7 29. Rxa3 Nxa3 30. Rd3 Kf8 31. Rxa3 Qg6 32. Qb3 Qe4 33. Qb4+ Kf7 34.
Qe7+ Kg6 35. Qg7+ Kh5 36. Qg5# 1-0

[Event "15. Offene HH Senioren EM 2008"]
[Site "Hamburg"]
[Date "2008.10.28"]
[Round "2.21"]
[White "Meyer, Hans-Georg"]
[Black "Bartlitz, Heinz"]
[Result "1-0"]
[WhiteElo "1358"]
[BlackElo "1841"]
[PlyCount "119"]
[EventDate "2008.??.??"]
[WhiteTeam "Bramfelder SK 1947"]
[BlackTeam "Bramfelder SK 1947"]

1. d4 d6 2. c4 c6 3. Nc3 g6 4. e3 Bg7 5. Nf3 Bg4 6. Be2 Nf6 7. O-O e6 8. h3
Bxf3 9. Bxf3 O-O 10. Rb1 d5 11. b3 Re8 12. Re1 Nbd7 13. Bb2 e5 14. dxe5 Nxe5
15. Be2 Ned7 16. cxd5 Nxd5 17. Nxd5 cxd5 18. Bxg7 Kxg7 19. Qxd5 Nf6 20. Qxb7
Qd2 21. Bc4 Rf8 22. Bxf7 Kh6 23. Qe7 Nd5 24. Qh4+ Kg7 25. Bxd5 Qxd5 26. Qd4+
Qxd4 27. exd4 Rf4 28. Rbd1 Rc8 29. Re7+ Kg8 30. Rxa7 Rc2 31. f3 h5 32. d5 Rf5
33. h4 Re5 34. Ra6 Ree2 35. Rxg6+ Kf7 36. Rg5 Rxa2 37. d6 Rad2 38. Rxd2 Rxd2
39. Rxh5 Rxd6 40. Rg5 Rb6 41. g4 Rxb3 42. Rf5+ Kg7 43. h5 Kh6 44. Kg2 Rb1 45.
Rf6+ Kg5 46. Rg6+ Kf4 47. Rf6+ Kg5 48. Rf5+ Kh4 49. h6 Rb2+ 50. Kf1 Kg3 51. Ke1
Rb7 52. g5 Rh7 53. Rf8 Kh4 54. f4 Kh5 55. Rg8 Kg4 56. Rg7 Rh8 57. h7 Kf5 58. g6
Kf6 59. Rg8 Rxh7 60. gxh7 1-0

[Event "15. Offene HH Senioren EM 2008"]
[Site "Hamburg"]
[Date "2008.10.28"]
[Round "2.22"]
[White "Berking, Bernhard"]
[Black "Graffenberger, Marianne"]
[Result "1-0"]
[WhiteElo "1526"]
[BlackElo "1500"]
[PlyCount "83"]
[EventDate "2008.??.??"]
[WhiteTeam "SVG Blankenese"]
[BlackTeam "Hamburger SK von 1830 eV"]

1. c4 c5 2. Nc3 Nf6 3. Nf3 g6 4. d4 Qc7 5. e4 d6 6. Bf4 Bg7 7. e5 Nfd7 8. exd6
exd6 9. Qe2+ Kf8 10. Qd2 Nf6 11. O-O-O Bf5 12. Nb5 Qc6 13. Bxd6+ Kg8 14. Bd3
Bxd3 15. Qxd3 Bh6+ 16. Kb1 Kg7 17. Be5 Nbd7 18. Bxf6+ Nxf6 19. d5 Qd7 20. Ne5
Qf5 21. Qxf5 gxf5 22. f3 a6 23. Nc3 Rhe8 24. Nd3 b6 25. h3 Kh8 26. g4 fxg4 27.
hxg4 Bg7 28. g5 Nd7 29. Ne4 Ne5 30. Nxe5 Rxe5 31. d6 Rd8 32. Rd3 f5 33. gxf6
Bf8 34. Rh3 Rd7 35. a4 a5 36. Kc2 h6 37. Kd2 Kg8 38. Ke3 Kf7 39. f4 Rf5 40. Kf3
Bxd6 41. Nxd6+ Kxf6 42. Rxh6+ 1-0

[Event "15. Offene HH Senioren EM 2008"]
[Site "Hamburg"]
[Date "2008.10.28"]
[Round "2.23"]
[White "Schleu, Günther"]
[Black "Gette, Viktor"]
[Result "0-1"]
[WhiteElo "1254"]
[BlackElo "1500"]
[PlyCount "122"]
[EventDate "2008.??.??"]
[WhiteTeam "Pinneberger SC 1932 eV"]
[BlackTeam "Koenigsspr.SC.1984 e.V."]

1. d4 d5 2. Nf3 Nf6 3. Bf4 Nc6 4. h3 e6 5. Nbd2 Bd6 6. Bxd6 Qxd6 7. e3 O-O 8.
Be2 e5 9. dxe5 Nxe5 10. c3 Bd7 11. Qc2 h6 12. Rd1 Qe7 13. Nxe5 Qxe5 14. Nf3 Qe7
15. O-O c6 16. Bd3 Ne4 17. Bxe4 dxe4 18. Nh2 f5 19. Rd2 Rad8 20. Rfd1 Be6 21.
a3 b5 22. Nf1 a5 23. Rxd8 Rxd8 24. Rxd8+ Qxd8 25. Qd2 Qd3 26. Qxd3 exd3 27. Nd2
Bd5 28. f3 Kf7 29. Kf2 Ke6 30. g3 Ke5 31. h4 c5 32. Ke1 c4 33. Kf2 Kd6 34. e4
fxe4 35. fxe4 Be6 36. Ke3 Kc6 37. Kd4 Kd6 38. Ke3 Kc5 39. Kf2 b4 40. axb4+ axb4
41. Ke3 bxc3 42. bxc3 Kb5 43. e5 Ka4 44. Nf1 Kb3 45. Kd2 Ka4 46. Ne3 Kb5 47.
Ng2 Kc6 48. Nf4 Kd7 49. Ke3 Ke7 50. Kd2 Kf7 51. Ke3 g5 52. Nxd3 cxd3 53. Kxd3
Kg6 54. c4 Kf5 55. Kd4 gxh4 56. gxh4 Kg4 57. c5 Kxh4 58. c6 Kg5 59. Kc5 h5 60.
Kd6 Kf5 61. c7 h4 0-1

[Event "15. Offene HH Senioren EM 2008"]
[Site "Hamburg"]
[Date "2008.10.28"]
[Round "2.24"]
[White "Soerens, Meno"]
[Black "Ramm, Helga"]
[Result "1-0"]
[WhiteElo "1479"]
[BlackElo "919"]
[PlyCount "72"]
[EventDate "2008.??.??"]
[WhiteTeam "Schachfreunde Hamburg v. 1934 eV"]
[BlackTeam "Niendorfer TSV 1919 SAbt"]

1. e4 Nc6 2. d4 d6 3. d5 Ne5 4. f4 Ng6 5. Nf3 e6 6. c4 Be7 7. Bd3 Nh4 8. O-O
Nxf3+ 9. Rxf3 Bf6 10. Qf1 Nh6 11. Nc3 Bd7 12. e5 dxe5 13. fxe5 Bxe5 14. Bxh6
Rf8 15. Bf4 Bd4+ 16. Be3 Bxe3+ 17. Rxe3 Qe7 18. Kh1 O-O-O 19. b3 Qg5 20. Rae1
Kb8 21. Ne4 Qe7 22. Nc3 c6 23. Qf4+ Ka8 24. dxc6 Bxc6 25. Be4 Bxe4 26. Qxe4 f5
27. Qxe6 Qc7 28. Qe7 Qc8 29. Qxg7 f4 30. Re7 Rd7 31. Rxd7 f3 32. gxf3 Rxf3 33.
Nd5 Rf5 34. Nc7+ Kb8 35. Re8 Rf1+ 36. Kg2 Rf7 1-0